Sobre liberalismo y capitalismo (Registro nro. 320390)
[ vista simple ]
| 000 -ENCABEZADO | |
|---|---|
| Número de control [NR] | 00875nam a22002537a 4500 |
| 005 - FECHA Y HORA DE LA ÚLTIMA TRANSACCIÓN | |
| control field | 20220125115216.0 |
| 008 - DE LONGITUD FIJA DE DATOS DE ELEMENTOS - INFORMACIÓN GENERAL | |
| Elementos de longitud fija [NR] | 220125s1996 sp |||gr|||| 00| 0 spa d |
| 020 ## - NUMERO INTERNACIONAL NORMALIZADO PARA LIBROS [R] | |
| Número Internacional Normalizado del libro [NR] | 8441305226 (V.1) |
| 020 ## - NUMERO INTERNACIONAL NORMALIZADO PARA LIBROS [R] | |
| Número Internacional Normalizado del libro [NR] | 8441305218 (V.2) |
| 040 ## - FUENTE DE CATALOGACION [NR] | |
| Agencia de catalogación original [NR] | CO-BoUCM |
| Idioma de catalogación [NR] | spa |
| Quien Cataloga | Deissy Garcia |
| Quien Clasifica | Deissy Garcia |
| 041 1# - CODIGO DE IDIOMA [R] | |
| Código de idioma para texto/pista de sonido o título separado [R] | Español |
| Language code of original and/or intermediate translations of text | eng |
| 100 ## - ASIENTO PRINCIPAL--NOMBRE PERSONAL [NR] | |
| ID Autoridad | 141965 |
| Nombre personal [NR] | Von Mises, Ludwig |
| Fechas asociadas con el nombre [NR] | 1881-1973 |
| 245 10 - MENCION DE TITULO [NR] | |
| Título [NR] | Sobre liberalismo y capitalismo |
| Mención de responsabilidad, etc. [NR] | Ludwig von Mises ; traducción Joaquín Reig Albiol |
| 260 ## - PUBLICACION, DISTRIBUCION, ETC. (PIE DE IMPRENTA) [R] | |
| Lugar de publicación, distribución, etc. [R] | Barcelona |
| Nombre del editor, distribuidor, etc. [R] | Ediciones Folio |
| Fecha de publicación, distribución, etc. [R] | 1996 |
| 300 ## - DESCRIPCION FISICA [R] | |
| Extensión [R] | 2 volúmenes |
| 490 0# - MENCION DE SERIE [R] | |
| Mención de serie [R] | Biblioteca de economía |
| 504 ## - NOTA DE BIBLIOGRAFIA, ETC. [R] | |
| Nota de bibliografía, etc. [NR] | Incluye referencias bibliográficas e índices |
| 650 #7 - ASIENTO SECUNDARIO DE MATERIA - TERMINO TEMATICO [R] | |
| 9 (RLIN) | 10463 |
| Término temático o nombre geográfico como elemento de entrada [NR] | Capitalismo |
| 650 #7 - ASIENTO SECUNDARIO DE MATERIA - TERMINO TEMATICO [R] | |
| 9 (RLIN) | 7786 |
| Término temático o nombre geográfico como elemento de entrada [NR] | Liberalismo |
| 650 #7 - ASIENTO SECUNDARIO DE MATERIA - TERMINO TEMATICO [R] | |
| 9 (RLIN) | 21972 |
| Término temático o nombre geográfico como elemento de entrada [NR] | Política económica |
| 650 #7 - ASIENTO SECUNDARIO DE MATERIA - TERMINO TEMATICO [R] | |
| 9 (RLIN) | 174 |
| Término temático o nombre geográfico como elemento de entrada [NR] | Economía |
| 942 ## - ELEMENTOS DE ENTRADA AGREGADOS (KOHA) | |
| Sistema de clasificación | DEWEY |
| Tema principal | Economía |
| Tipo de ítem principal el descrito en 300a | Libro |
| Edición | 1 |
| Clasificación | 330.122 |
| Parte restante de la signatura top. | V945s |
| Título oculto en OPAC | No |
| Signatura topográfica | Código de barras | Última vez visto | Volúmen / Fascículo | Ejemplar | Costo de reposición | Price effective from | Tipo de ítem | Perdido | Sistema de clasificación | Dañado | No prestable | Tipo de ítem específico | Suprimido | Ubicación habitual | Ubicación actual | Localización | Fecha de creación | Forma de adquisición | Costo |
|---|---|---|---|---|---|---|---|---|---|---|---|---|---|---|---|---|---|---|---|
| 330.122 V945s | 100168803 | 09/12/2024 | V.1 | Ej.1 | 26000.00 | 25/01/2022 | Libro | DEWEY | Libro | BodegaJK | Claustro | Préstamo 2 días después de solicitado | 25/01/2022 | Donación | 0.00 | ||||
| 330.122 V945s | 100168796 | 09/12/2024 | V.2 | Ej.1 | 26000.00 | 25/01/2022 | Libro | DEWEY | Libro | BodegaJK | Claustro | Préstamo 2 días después de solicitado | 25/01/2022 | Donación | 0.00 |